=LDR 00000nam 2200000 4500 =001 INLIS000000000002436 =005 20130612090755 =008 ***********************************Ind** =035 ##$$0010-061300000002436 =041 ##$$a Ind =082 ##$$a 616.1 =090 ##$$a 616.1, Sid k =100 ##$$a Sidharta, Priguna =245 ##$$a Ketegangan dan akibatnya, Priguna Sidharta =260 ##$$a 1984 $b Jakarta =300 ##$$a 102 hlm, 18 cm =650 ##$$a Ketegangan =850 ##$$a NBPNMAT